01023nam a22002177a 4500952010300000999001900103008004100122020001400163050002200177110004500199245016600244260006700410300002400477490001900501504008600520505005800606519005600664650003800720650003500758942001200793 00102lcc4070a20b20d2017-06-21l0oKGF2530 S86 2010p20 001634r2017-06-21t1w2017-06-21yLB c102141d102141170621b xxu||||| |||| 00| 0 spa d a978607468 aKGF2530bS86 2010 aSuprema Corte de Justicia de la Nación aVida y obra de los ministros de la Suprema Corte de Justicia de la Nación: Ministro Juan Moisés Calleja Garcíac / Suprema Corte de Justicia de la Nación aMéxicob : Suprema Corte de Justicia de la Naciónc , 2010 axii ; 128 páginas aSemblanzasx28 aIncluye: Tabla de contenido Presentación Fuentes bibliográficas (pp. 127-128) aNotas biográficas Discusos, informes y conferencias aMaterial Complementario / bDerecho / d(20 001634) 0aBIOGRAFÍA - MINISTROSzMÉXICO 0aJUECES - BIOGRAFÍAzMÉXICO cLB2lcc